| 000 | 01222nam a22002897a 4500 | ||
|---|---|---|---|
| 003 | dpl | ||
| 005 | 20180702134743.0 | ||
| 008 | 180702b xxu||||| |||| 00| 0 eng d | ||
| 010 | _aB-195936 | ||
| 020 |
_c180.00 _a8185309817 |
||
| 035 | _aB-195936 | ||
| 037 | _bBPPD/PUB | ||
| 040 |
_aDPL _bHN _c0 |
||
| 082 |
_aउ _bश्रीवस्त |
||
| 100 |
_a श्रीवास्तव,संतोष _99690 |
||
| 245 |
_aदबे पाँव... प्यार / _bसंतोष,श्रीवास्तव |
||
| 246 |
_aDabe paanv tatha anya kahaniyan / _bby Vrindavan Lal Verma |
||
| 260 |
_aगाजियाबाद _bअमित प्रकाशन _c2006 |
||
| 270 |
_aविनायक कम्प्यूटर्स _b दिल्ली _e110032 |
||
| 300 |
_a175 प्,; _c21सेमी(सजिल्द) |
||
| 490 |
_aवृंदावनलाल वर्मा ग्रंथमाला _v23 |
||
| 650 |
_aसाहित्य--कहानियां _91200 |
||
| 650 |
_aहिंदी कहानियां _9100337 |
||
| 650 |
_aLiterature--Stories _9100338 |
||
| 650 |
_aHindi stories _9100339 |
||
| 942 |
_2ddc _cHN _hU _mश्रीवस्त |
||
| 999 |
_c153267 _d153267 |
||